Most Valuable Goalkeepers Of All Time - Statistics

General Stats
  • This quiz has been taken 88 times
  • The average score is 76 of 250
Answer Stats
% Correct
2 Liverpool Brazil 2019 Alisson Becker 27
96%
13 Bayern Munich Germany 2015 Manuel Neuer 28
96%
4 Real Madrid Belgium 2020 Thibaut Courtois 28
96%
7 Paris Saint-Germain Italy 2021 Gianluigi Donnarumma 22
93%
6 Manchester United Spain 2018 David de Gea 27
92%
5 Manchester City Brazil 2019 Ederson 25
92%
1 Atlético Madrid Slovenia 2019 Jan Oblak 26
92%
11 Ajax Cameroon 2019 André Onana 23
89%
23 Juventus Italy 2005 Gianluigi Buffon 27
89%
3 Barcelona Germany 2019 Marc-André ter Stegen 27
89%
246 Espanyol Spain 2014 Kiko Casilla 28
86%
29 Tottenham Hotspur France 2018 Hugo Lloris 31
85%
30 Chelsea Czech Republic 2009 Petr Čech 26
84%
21 Aston Villa Argentina 2021 Emiliano Martínez 28
81%
123 Inter Milan Spain 2024 Josep Martínez 26
81%
24 Real Madrid Spain 2010 Iker Casillas 29
80%
8 Chelsea Spain 2019 Kepa Arrizabalaga 24
80%
18 Everton England 2018 Jordan Pickford 24
78%
70 Wolverhampton Wanderers Portugal 2022 José Sá 29
78%
15 Arsenal Spain 2024 David Raya 29
76%
40 Manchester City England 2013 Joe Hart 25
76%
14 Arsenal England 2023 Aaron Ramsdale 25
74%
12 Milan France 2023 Mike Maignan 27
74%
16 Borussia Dortmund Switzerland 2023 Gregor Kobel 26
73%
60 Real Madrid Costa Rica 2016 Keylor Navas 29
73%
34 Real Madrid Ukraine 2024 Andriy Lunin 25
72%
10 Porto Portugal 2023 Diogo Costa 23
70%
25 Chelsea Senegal 2021 Édouard Mendy 29
70%
26 Brighton & Hove Albion Spain 2022 Robert Sánchez 24
69%
28 Athletic Bilbao Spain 2020 Unai Simón 23
69%
19 Juventus Poland 2019 Wojciech Szczęsny 29
69%
9 Valencia Georgia 2024 Giorgi Mamardashvili 23
68%
139 Leicester City Denmark 2018 Kasper Schmeichel 31
68%
20 Tottenham Hotspur Italy 2024 Guglielmo Vicario 27
66%
64 Barcelona Spain 2010 Víctor Valdés 28
66%
117 Borussia Mönchengladbach Switzerland 2018 Yann Sommer 29
66%
22 Arsenal Germany 2019 Bernd Leno 27
65%
58 Newcastle United England 2023 Nick Pope 31
65%
47 Liverpool Spain 2010 Pepe Reina 27
64%
38 Inter Milan Brazil 2010 Júlio César 30
62%
41 Inter Milan Slovenia 2013 Samir Handanović 28
61%
72 Sevilla Morocco 2021 Yassine Bounou 29
59%
43 Liverpool Ireland 2024 Caoimhín Kelleher 26
58%
114 Bayern Munich Germany 2004 Oliver Kahn 35
58%
31 Brighton & Hove Albion Netherlands 2024 Bart Verbruggen 22
55%
45 Manchester United England 2021 Dean Henderson 24
55%
103 Milan Brazil 2005 Dida 31
55%
59 Barcelona Netherlands 2018 Jasper Cillessen 29
54%
131 Liverpool Germany 2018 Loris Karius 24
54%
17 Napoli Italy 2019 Alex Meret 22
53%
79 Paris Saint-Germain France 2019 Alphonse Areola 26
53%
78 Galatasaray Uruguay 2014 Fernando Muslera 28
53%
61 Sporting CP Portugal 2013 Rui Patrício 25
53%
193 Manchester City Germany 2023 Stefan Ortega 30
51%
37 Lyon Portugal 2019 Anthony Lopes 28
50%
62 CSKA Moscow Russia 2009 Igor Akinfeev 23
50%
136 Paris Saint-Germain Germany 2016 Kevin Trapp 25
50%
102 Barcelona Chile 2015 Claudio Bravo 32
49%
42 Leeds United France 2022 Illan Meslier 22
49%
111 Liverpool Belgium 2014 Simon Mignolet 26
49%
83 Marseille France 2012 Steve Mandanda 27
49%
48 Paris Saint-Germain Italy 2014 Salvatore Sirigu 27
47%
87 Villarreal Spain 2009 Diego López 27
46%
46 Stoke City England 2018 Jack Butland 25
46%
135 Bayer Leverkusen Finland 2018 Lukas Hradecky 28
46%
39 Roma Spain 2019 Pau López 24
46%
181 Everton United States 2010 Tim Howard 31
46%
54 Chelsea Serbia 2024 Đorđe Petrović 24
45%
51 Burnley England 2025 James Trafford 22
43%
27 Lille France 2024 Lucas Chevalier 23
43%
32 Benfica Ukraine 2023 Anatoliy Trubin 22
42%
119 Stoke City Bosnia and Herzegovina 2015 Asmir Begović 27
42%
128 Brentford Netherlands 2023 Mark Flekken 30
42%
244 Newcastle United Slovakia 2020 Martin Dúbravka 31
42%
198 Swansea City Poland 2016 Łukasz Fabiański 31
41%
99 Dinamo Zagreb Croatia 2021 Dominik Livaković 26
39%
116 RB Leipzig Hungary 2021 Péter Gulácsi 31
39%
35 Lazio Albania 2019 Thomas Strakosha 24
39%
36 Real Sociedad Spain 2022 Álex Remiro 27
38%
228 Club América Mexico 2009 Guillermo Ochoa 23
38%
52 Espanyol Spain 2025 Joan García 23
36%
211 Botafogo Portugal 2025 John Victor 29
36%
109 Wolfsburg Belgium 2021 Koen Casteels 28
36%
44 Paris Saint-Germain Russia 2024 Matvey Safonov 25
36%
110 Borussia Dortmund Switzerland 2019 Roman Bürki 28
36%
236 Borussia Dortmund Germany 2007 Roman Weidenfeller 26
36%
127 Torino Serbia 2025 Vanja Milinković-Savić 28
36%
222 Arsenal Colombia 2015 David Ospina 26
35%
74 Benfica Greece 2021 Odysseas Vlachodimos 26
35%
101 Southampton England 2016 Fraser Forster 28
34%
75 Valencia Brazil 2018 Norberto Neto 29
34%
86 Schalke Germany 2019 Alexander Nübel 23
32%
107 Real Sociedad Argentina 2017 Gerónimo Rulli 25
32%
171 Roma Sweden 2018 Robin Olsen 28
32%
84 Fenerbahçe Turkey 2021 Altay Bayındır 23
31%
100 Lens France 2023 Brice Samba 29
31%
50 Villarreal Denmark 2024 Filip Jörgensen 22
31%
177 Tottenham Hotspur Brazil 2010 Heurelho Gomes 29
31%
143 Ajax Netherlands 2011 Maarten Stekelenburg 28
31%
80 Roma Serbia 2025 Mile Svilar 25
31%
182 Manchester City Ireland 2010 Shay Given 33
31%
55 Nantes France 2023 Alban Lafont 24
30%
161 Leicester City Wales 2018 Danny Ward 25
30%
157 Barcelona Spain 2024 Iñaki Peña 25
30%
53 Nice Poland 2024 Marcin Bułka 24
30%
151 Nottingham Forest United States 2023 Matt Turner 29
30%
221 Strasbourg Belgium 2019 Matz Sels 27
30%
173 Hoffenheim Germany 2018 Oliver Baumann 28
30%
118 Schalke Germany 2018 Ralf Fährmann 29
28%
98 Real Betis Portugal 2022 Rui Silva 28
28%
194 West Ham United Spain 2016 Adrián 29
27%
141 Wolfsburg Switzerland 2009 Diego Benaglio 26
27%
56 Udinese Argentina 2020 Juan Musso 26
27%
205 Arsenal Spain 2009 Manuel Almunia 32
27%
166 Brighton & Hove Albion Australia 2019 Mathew Ryan 27
27%
88 Bayer Leverkusen Germany 2010 René Adler 25
27%
185 Hannover Germany 2014 Ron-Robert Zieler 25
26%
89 Tottenham Hotspur Czech Republic 2025 Antonín Kinský 22
24%
94 Leicester City Denmark 2025 Mads Hermansen 24
24%
69 Monza Italy 2024 Michele Di Gregorio 26
24%
197 Newcastle United Netherlands 2014 Tim Krul 25
24%
124 Burnley Kosovo 2023 Arijanet Muric 24
23%
179 Espanyol Cameroon 2008 Carlos Kameni 23
23%
208 Bayern Munich Germany 2025 Jonas Urbig 21
23%
129 West Bromwich Albion England 2022 Sam Johnstone 29
23%
132 Köln Germany 2017 Timo Horn 24
23%
106 Nice Argentina 2022 Walter Benítez 29
23%
187 Chelsea United States 2023 Gabriel Slonina 19
22%
67 Southampton Ireland 2023 Gavin Bazunu 21
22%
126 Werder Bremen Czech Republic 2019 Jiří Pavlenka 26
22%
202 Hannover Germany 2009 Robert Enke 31
22%
77 Sevilla Czech Republic 2018 Tomáš Vaclík 29
22%
159 Fortuna Düsseldorf United States 2019 Zack Steffen 24
22%
104 Parma Japan 2025 Zion Suzuki 22
22%
148 Saint-Étienne England 2021 Etienne Green 21
20%
242 River Plate Argentina 2018 Franco Armani 32
20%
235 Lyon France 2005 Grégory Coupet 32
20%
108 Lazio Italy 2023 Ivan Provedel 29
20%
105 Wolfsburg Poland 2024 Kamil Grabara 25
20%
152 Lyon Brazil 2025 Lucas Perri 27
20%
33 Atalanta Italy 2025 Marco Carnesecchi 24
20%
76 Genoa Italy 2017 Mattia Perin 24
20%
232 West Ham United England 2009 Robert Green 29
20%
57 Sevilla Spain 2017 Sergio Rico 23
20%
85 Fiorentina Poland 2021 Bartłomiej Drągowski 23
19%
65 Fiorentina France 2008 Sébastien Frey 27
19%
175 Saint-Étienne France 2015 Stéphane Ruffier 28
19%
97 Sampdoria Indonesia 2019 Emil Audero 22
18%
249 Inter Milan Italy 2004 Francesco Toldo 32
18%
49 Toulouse France 2025 Guillaume Restes 20
18%
92 Freiburg Germany 2025 Noah Atubolu 22
18%
201 Tottenham Hotspur England 2006 Paul Robinson 26
18%
137 Almería Brazil 2011 Diego Alves 25
16%
189 Borussia Mönchengladbach Switzerland 2023 Jonas Omlin 29
16%
81 Atalanta Italy 2020 Pierluigi Gollini 25
16%
184 Valencia Germany 2008 Timo Hildebrand 28
16%
183 Werder Bremen Germany 2010 Tim Wiese 28
16%
206 Rangers Scotland 2010 Allan McGregor 28
15%
162 Southampton Scotland 2018 Angus Gunn 22
15%
140 Celtic Poland 2008 Artur Boruc 28
15%
130 Eibar Serbia 2019 Marko Dmitrović 27
15%
165 Mallorca Serbia 2022 Predrag Rajković 27
15%
174 Shakhtar Donetsk Ukraine 2011 Andriy Pyatov 26
14%
90 Athletico Paranaense Brazil 2024 Bento Krepski 25
14%
68 Ajax Germany 2024 Diant Ramaj 22
14%
155 Mainz Germany 2019 Florian Müller 21
14%
95 Feyenoord Netherlands 2023 Justin Bijlow 25
14%
204 Swansea City Netherlands 2012 Michel Vorm 28
14%
230 Rennes France 2014 Benoît Costil 26
12%
120 Lazio Italy 2013 Federico Marchetti 30
12%
144 Nantes France 2004 Mickaël Landreau 25
12%
134 Villarreal Spain 2018 Sergio Asenjo 29
12%
195 Porto Argentina 2021 Agustín Marchesín 32
11%
168 Levante Spain 2020 Aitor Fernández 28
11%
63 Cagliari Italy 2019 Alessio Cragno 24
11%
71 Getafe Spain 2019 David Soria 26
11%
96 Genoa Romania 2019 Ionuț Radu 22
11%
186 Fenerbahçe Turkey 2004 Rüştü Reçber 31
11%
66 Trabzonspor Turkey 2021 Uğurcan Çakır 25
11%
172 Valencia Spain 2012 Vicente Guaita 25
11%
146 Fenerbahçe Turkey 2011 Volkan Demirel 29
11%
190 Rennes Senegal 2020 Alfred Gomis 27
9%
226 Real Betis Spain 2017 Antonio Adán 30
9%
82 Montpellier France 2019 Benjamin Lecomte 28
9%
180 Bordeaux France 2010 Cédric Carrasso 28
9%
156 Cádiz Argentina 2022 Conan Ledesma 29
9%
178 Sunderland Scotland 2007 Craig Gordon 24
9%
112 Roma Brazil 2008 Doni 28
9%
121 PSV Netherlands 2018 Jeroen Zoet 27
9%
207 Atlético Madrid Argentina 2007 Leo Franco 30
9%
239 Udinese Nigeria 2024 Maduka Okoye 25
9%
113 Livorno Italy 2007 Marco Amelia 24
9%
234 Udinese Italy 2005 Morgan De Sanctis 28
9%
223 Cardiff City Philippines 2019 Neil Etheridge 29
9%
176 Genoa Portugal 2010 Eduardo 27
8%
91 Athletic Bilbao Spain 2024 Julen Agirrezabala 24
8%
125 Granada Portugal 2022 Luís Maximiano 23
8%
147 Genk Belgium 2025 Mike Penders 19
8%
238 Royal Antwerp Belgium 2025 Senne Lammens 22
8%
219 Osasuna Spain 2022 Sergio Herrera 28
8%
227 Atalanta Italy 2014 Andrea Consigli 27
7%
158 Newcastle United England 2021 Freddie Woodman 24
7%
243 Real Betis Spain 2019 Joel Robles 29
7%
142 Genk Belgium 2023 Maarten Vandevoordt 21
7%
122 Sunderland England 2024 Anthony Patterson 24
5%
231 Porto Brazil 2007 Helton 29
5%
217 Royal Antwerp France 2023 Jean Butez 28
5%
245 River Plate Argentina 2007 Juan Pablo Carrizo 23
5%
209 Olympiacos Greece 2025 Konstantinos Tzolakis 22
5%
163 Atalanta Italy 2016 Marco Sportiello 24
5%
196 Olympiacos Spain 2015 Roberto Jiménez 29
5%
93 Las Palmas Spain 2024 Álvaro Valles 26
4%
215 PAOK Croatia 2024 Dominik Kotarski 24
4%
214 Cagliari Italy 2025 Elia Caprile 23
4%
138 Bologna Italy 2011 Emiliano Viviano 25
4%
169 Boca Juniors Argentina 2019 Esteban Andrada 28
4%
170 Hellas Verona Italy 2020 Marco Silvestri 29
4%
218 Monaco Switzerland 2023 Philipp Köhn 25
4%
225 İstanbul Başakşehir Turkey 2016 Volkan Babacan 27
4%
150 Reims Senegal 2023 Yehvann Diouf 23
4%
233 Roma Italy 2004 Ivan Pelizzoli 23
3%
164 Celta Vigo Spain 2020 Rubén Blanco 24
3%
212 Raków Częstochowa Bosnia and Herzegovina 2023 Vladan Kovačević 24
3%
192 Freiburg Germany 2019 Alexander Schwolow 27
1%
145 Zenit Russia 2019 Andrey Lunyov 27
1%
153 Villarreal Spain 2024 Diego Conde 26
1%
73 Alavés Spain 2018 Fernando Pacheco 26
1%
191 Inter Milan Italy 2014 Francesco Bardi 22
1%
224 Lokomotiv Moscow Russia 2012 Guilherme Marinato 26
1%
160 Dynamo Kyiv Ukraine 2022 Heorhiy Bushchan 28
1%
188 Corinthians Brazil 2025 Hugo Souza 26
1%
240 Valencia Spain 2019 Jaume Doménech 29
1%
210 Cruz Azul Colombia 2024 Kevin Mier 24
1%
213 Club América Mexico 2025 Luis Malagón 28
1%
241 Slavia Prague Czech Republic 2020 Ondřej Kolář 26
1%
154 Angers France 2021 Paul Bernardoni 23
1%
237 Monza Italy 2024 Stefano Turati 23
1%
247 Dynamo Moscow Russia 2010 Vladimir Gabulov 26
1%
203 Kuban Krasnodar Russia 2015 Aleksandr Belenov 28
0%
115 Spartak Moscow Russia 2021 Aleksandr Maksimenko 23
0%
220 Benfica Cape Verde 2018 Bruno Varela 23
0%
149 Beşiktaş Turkey 2022 Ersin Destanoğlu 21
0%
250 Grêmio Brazil 2021 Gabriel Grando 21
0%
216 Brest France 2021 Gautier Larsonneur 23
0%
229 Sampdoria Italy 2011 Gianluca Curci 25
0%
248 Saint-Étienne France 2006 Jérémie Janot 29
0%
200 Benfica Portugal 2005 José Moreira 22
0%
133 Trabzonspor Turkey 2014 Onur Kıvrak 26
0%
199 Rubin Kazan Russia 2009 Sergey Ryzhikov 29
0%
167 Zenit Russia 2015 Yuri Lodygin 25
0%
No matching quizzes found
Score Distribution
Percent of People with Each Score
Percentile by Number Answered
Your Score History
You have not taken this quiz